000 00343nam a2200145 i 4500
001 bg
100 1 _aSIKORSKI, R. T.
245 0 _aPodstawy chemii i technologii polimerów /
_cR.T. Sikorski.
250 _aWyd.2.
260 _aWarszawa,
_c1985.
040 _cBPK
041 _apol
942 _cKS
008 s pl f |000 0 pol
999 _c2476
_d2476
856 _uhttp://koha.tu.koszalin.pl/cgi-bin/koha/opac-detail.pl?biblionumber=2476
_yKatalog online BPK